00802nam a2200193 a 4500003000200000005001700002008004100019050002900060100003200089245007700121260009300198300004500291504004100336650004800377650006000425650005200485650002900537650004200566020250305150343.0090706s19uu xx 00 eng d aPGS LB 1065b.Sa246 2009 aSarmiento, Camilo Miguel S. aGadget ownership and academic performance /cCamilo Miguel S. Sarmiento. aLas Piñas City, Philippines : bSouthville International School and Colleges, c2009. a22 pages : billustrations ; c28 cm.  aIncludes bibliographical references. aAcademic achievementvInfluencing factors.  aEducational technologyvEffect on academic achievement. aStudent achievementvTechnological influences.  aTechnology and children. aDigital devicesvEducational aspects.